000 00333nam a2200121Ia 4500
008 240731s9999 xx 000 0 und d
022 _a1754-7083
245 0 _aDesign and Culture : The Journal of the Design Studies Forum
260 _bRoutledge
856 _uhttps://www.tandfonline.com/loi/rfdc20
942 _2ddc
942 _cTFEJ
999 _c76237
_d76237
945 _a1
_bMadushi Gamage
_c1
_dMadushi Gamage